000 00960cam a22003137a 4500
003 CHAP
005 20220817040951.0
008 971013s1991 r 00010 d
010 _a3607
011 _a4579
035 _a3783
040 _cCHAP
082 _a378.09726
_bU5
110 _aUniversidad Veracruzana
245 1 3 _aLa reforma universitaria
260 _aXalapa, Ver. :
_bLa Universidad,
_c1991
300 _a411 p.
_b: ilus.
_e+ apénd.
500 _aD50-179
590 _aBATCH-UPD
_b10
_c20130109
_lUCH01
_h2321
590 _aBATCH-UPD
_b10
_c20130110
_lUCH01
_h0154
590 _aBATCH-UPD
_b10
_c20130409
_lUCH01
_h1844
590 _aBATCH-UPD
_b10
_c20130914
_lUCH01
_h1244
590 _aCONVERSION
_b10
_c20130109
_lUCH01
_h1303
650 1 4 _aEducación superior
_xVeracruz.
_935660
650 1 4 _aUniversidades
_xVeracruz.
_9116666
901 _aBK
942 _cLIBRO
949 _a378.09726 U5
_bBC
_cLIBRO
_d33724000430468
_eLIBRO
_h80008
_i3783
_mD
_si
999 _c3607
_d3607